| 000 | 00634nam a2200193 i 4500 | ||
|---|---|---|---|
| 001 | 79680 | ||
| 003 | ES-MaACL | ||
| 005 | 20250930063100.0 | ||
| 007 | t| | ||
| 008 | 041022s1908 sp ||||1| spa d | ||
| 100 | 1 |
_aHernando, Teófilo, _d1881-1976 _963094 |
|
| 245 | 1 | 0 |
_aEstudio crítico de la luxación congénita de la cadera _b: tesis / _cTeófilo Hernando y Ortega. |
| 260 |
_aMadrid : _b[s.n.], _c1908 ( _fSuc. de Hernando) |
||
| 300 |
_a108 p., [3] lám. ; _c24 cm. |
||
| 594 | _aPrecede al tít.: Facultad de Medicina... | ||
| 650 | 4 |
_aCadera. _9151110 |
|
| 852 |
_aES-MaACL _jT-1225-F-2 |
||
| 999 |
_c79680 _d79680 |
||